|
|
|
|
| LEADER |
01413cas a2200193 a 4500 |
| 001 |
AALejournalIMF011056 |
| 008 |
230101c9999 xx r poo 0 0eng d |
| 020 |
|
|
|z 9781616350277
|
| 040 |
|
|
|a BD-DhAAL
|c BD-DhAAL
|
| 100 |
1 |
|
|a Parker, David.
|
| 245 |
1 |
0 |
|a Closing a Failed Bank :
|b Resolution Practices and Procedures /
|c David Parker.
|
| 264 |
|
1 |
|a Washington, D.C. :
|b International Monetary Fund,
|c 2011.
|
| 300 |
|
|
|a 1 online resource (244 pages)
|
| 500 |
|
|
|a <strong>Off-Campus Access:</strong> No User ID or Password Required
|
| 500 |
|
|
|a <strong>On-Campus Access:</strong> No User ID or Password Required
|
| 506 |
|
|
|a Electronic access restricted to authorized BRAC University faculty, staff and students
|
| 520 |
3 |
|
|a This manual addresses problem bank resolution from the time a bank is identified as being in financial trouble through intervention to liquidation. It comes with an interactive CD-Rom from which users can download and tailor documents to use in their own closing processes. The book draws on the author's lengthy career as a bank liquidator for the Federal Deposit Insurance Corporation and Resolution Trust Corporation and his worldwide consulting experience with the IMF and other international organizations.
|
| 538 |
|
|
|a Mode of access: Internet
|
| 856 |
4 |
0 |
|z Full text available on IMF
|u http://elibrary.imf.org/view/books/071/11094-9781616350277-en/11094-9781616350277-en-book.xml
|z IMF e-Library
|